MARC

LEADER 00000nam0a2200000 4500
001 293990
005 20231102000640.0
035 |a (RuTPU)RU\TPU\book\319040 
090 |a 293990 
100 |a 20150507d1980 k y0rusy50 ca 
101 0 |a rus 
102 |a RU 
105 |a a z 001zy 
200 1 |a Спектроскопические методы исследования твердофазных соединений  |f Академия наук СССР (АН СССР), Уральский научный центр (УНЦ) ; под ред. В. Г. Бамбурова и Р. Н. Плетнева 
210 |a Свердловск  |c Изд-во УНЦ АН СССР  |d 1980 
215 |a 98 с.  |c ил. 
320 |a Библиогр. в конце ст. 
606 1 |a Спектральный анализ  |2 stltpush  |3 (RuTPU)RU\TPU\subj\67783  |9 83449 
606 1 |a Твердые тела  |x Химия  |2 stltpush  |3 (RuTPU)RU\TPU\subj\70643  |9 84848 
610 1 |a твердофазные соединения 
610 1 |a спектроскопические методы 
610 1 |a научные статьи 
675 |a 543.42  |v 3 
675 |a 544.22/.23  |v 3 
702 1 |a Бамбуров  |b В. Г.  |4 340 
702 1 |a Плетнев  |b Р. Н.  |4 340 
712 0 2 |a Академия наук СССР (АН СССР)  |b Уральский научный центр (УНЦ)  |2 stltpush  |3 (RuTPU)RU\TPU\col\3284 
801 1 |a RU  |b 63413507  |c 20150507 
801 2 |a RU  |b 63413507  |c 20150508  |g RCR 
942 |c BK